| 000 | 01523cad a22002535a 4500 | ||
|---|---|---|---|
| 001 | L142305 | ||
| 008 | 080204s2008 xxk df s 000 0 eng d | ||
| 035 | _a(Sirsi) u142305 | ||
| 041 | 0 | _aeng | |
| 050 | 0 | 4 | _a338.476224 $2 18 |
| 110 | 2 |
_aRoyal Institution of Chartered Surveyors _bEconomics _95033 |
|
| 245 | 0 | 0 |
_aConstruction research note _bDecember 2007 _h[electronic resource] |
| 260 |
_aLondon _bRICS _c2008 |
||
| 490 | 0 |
_aRICS Construction Research Note _vDecember 2007 |
|
| 520 | _aLooks at how the pressurised property markets in the US and UK will impact on the countries' construction industries. Reveals the collapse of the US housing market has already pushed the US homebuilding industry into recession. Although non-residential construction has performed better, this is unlikely to last given the wider economic slowdown in the US. While the UK construction industry is less reliant on home building, a slowdown in this area will have a negative impact. However, the UK construction industry is less unbalanced than its US counterpart; its performance in 2008 looks stable, although a drop in new orders and activity is likely in 2009. | ||
| 521 | 2 | _aAdvanced | |
| 590 | _aKA | ||
| 650 | 2 | 4 | _aRICS CONSTRUCTION RESEARCH NOTE |
| 651 | 4 |
_aUnited Kingdom _y |
|
| 651 | 4 |
_aUnited States _y1959- |
|
| 690 | _aBUILT ENVIRONMENT-CONSTRUCTION MARKET | ||
| 856 | 4 | 0 |
_uhttps://www.rics.org/RICSWEB/getpage.aspx?p=KHvwv5DkI0uyaTVy2dHqhA _zView the research note free of charge at www.rics.org... |
| 942 | _n0 | ||
| 999 |
_c107860 _d107860 |
||